The Benin-Ife controversy clash of myths of origins

Saved in:
Bibliographic Details
Main Author: OBOMEGHIE, Wajeed
Format: Book
Language:English
Published: WadOrm Communications 2013
Tags: Add Tag
No Tags, Be the first to tag this record!

MARC

LEADER 00000nam a22000007a 4500
008 201208b ||||| |||| 00| 0 eng d
020 |a 978-978-917-374-7 
100 |a OBOMEGHIE, Wajeed 
245 |a The Benin-Ife controversy  |b clash of myths of origins  |c Wajeed Obomeghie  |g xxiv, 344p 
260 |b  WadOrm Communications  |c 2013  |h Ikeja, Lagos  |i  677889  |i  677890  |i [680656  |i 680657  |l DT515.45 .Ob5  |m Ife (African people) – Origin – History.  |m Benin (African people) – Origin – History.  |m Ife (African people) – Nigeria – Origin  |m Benin (African people) – Nigeria – Origin 
500 |a It includes index 
942 |a lcc  |c BK  |e ADEYEYE Y.S  |f 8/12/2020 
952 |0 0  |1 0  |2 lcc  |4 0  |7 0  |9 251  |a HOL  |b AC  |c AF  |d 2020-12-08  |o DT515.45 .Ob5  |p 2020-0192  |r 2020-12-08 00:00:00  |w 2020-12-08  |y BK 
952 |0 0  |1 0  |2 lcc  |4 0  |6 DT051545 O B5  |7 0  |9 252  |a HOL  |b HOL  |c AF  |d 2020-12-08  |l 0  |o DT515.45 .Ob5  |p 2020-0193  |r 2020-12-08 00:00:00  |w 2020-12-08  |y BK 
952 |0 0  |1 0  |2 lcc  |4 0  |6 DT051545 O B5  |7 0  |9 254  |a HOL  |b AC  |c AF  |d 2020-12-08  |l 0  |o DT515.45 .Ob5  |p 2020-0195  |r 2020-12-08 00:00:00  |w 2020-12-08  |y BK 
952 |0 0  |1 0  |2 lcc  |4 0  |6 DT051545 O B5  |7 0  |9 255  |a HOL  |b HOL  |c AF  |d 2020-12-08  |l 0  |o DT515.45 .Ob5  |p 2020-0196  |r 2020-12-08 00:00:00  |w 2020-12-08  |y BK 
999 |c 102  |d 102